Návrh a realizácia zariadenia pre laserové rezanie a gravírovanie

Gespeichert in:
Bibliographische Detailangaben
1. Verfasser: Tinák, Jakub (Verfasst von)
Weitere Verfasser: Hubinský, Peter (Betreuung Doktorarbeit)
Format: Manuskript Buch
Sprache:Slowakisch
Veröffentlicht: Bratislava : STU v Bratislave FEI, 2024
Schlagworte:
Online-Zugang:https://opac.crzp.sk/?fn=detailBiblioFormChildUM74V&sid=DDCD2C6FBCAD481F214BC1B200E4&seo=CRZP-detail-kniha
Tags: Tag hinzufügen
Keine Tags, Fügen Sie das erste Tag hinzu!

MARC

LEADER 00000ntm a22000003a 4500
001 stuzp96515
003 SK-STU
005 20250331130235.9
007 ta
008 150427s2015----xo-----f-mn---000-0-slo-d
040 |a STU  |b slo 
041 0 |a slo 
044 |a xo 
100 1 |a Tinák, Jakub  |u 031000  |4 aut  |U FEI Fakulta elektrotechniky a informatiky  |T FEI Ústav robotiky a kybernetiky  |X 115030  |U E011  |Y 356  |7 115030 
242 0 1 |a Design and Implementation of Device for Laser Cutting and Engraving  |y eng 
245 1 0 |a Návrh a realizácia zariadenia pre laserové rezanie a gravírovanie 
260 |a Bratislava :  |b STU v Bratislave FEI,  |c 2024 
300 |a 86 s. 
650 4 |a CNC  |2 slo 
650 4 |a Arduino  |2 slo 
650 4 |a Laser  |2 slo 
650 4 |a Laserová rezačka  |2 slo 
650 4 |a Laserová gravírovačka  |2 slo 
650 4 |a SVG  |2 slo 
650 4 |a Návrh zariadenia  |2 slo 
650 4 |a Realizácia zariadenia  |2 slo 
650 4 |a Laser cutter  |2 eng 
650 4 |a Device design  |2 eng 
650 4 |a CNC  |2 eng 
650 4 |a Arduino  |2 eng 
650 4 |a Laser  |2 eng 
650 4 |a Laser engraver  |2 eng 
650 4 |a SVG  |2 eng 
650 4 |a Device implementation  |2 eng 
700 1 |a Hubinský, Peter  |u 031000  |k Z1  |4 ths  |U FEI Fakulta elektrotechniky a informatiky  |T FEI Ústav robotiky a kybernetiky  |X 4940  |U E011  |Y 356  |7 A000004940 
856 4 |u https://opac.crzp.sk/?fn=detailBiblioFormChildUM74V&sid=DDCD2C6FBCAD481F214BC1B200E4&seo=CRZP-detail-kniha